Gares sur la ligne de Clermont-Ferrand à St Etienne - Statistiques

Statistiques générales
  • Ce quiz a été pris 27 fois
  • Le résultat moyen est 7 sur 33
Statistiques - réponses
Département Gare % Correct
Puy-de-Dôme (63) Clermont-Ferrand
83%
(43) Le Puy-en-Velay
70%
(63) Issoire
52%
Loire (42) Saint-Etienne-Châteaucreux
48%
(42) Firminy
43%
Haute-Loire (43) Aurec
39%
(42) La Ricamarie
35%
(43) Brioude
30%
(42) Saint-Etienne-Bellevue
26%
(42) Saint-Etienne-Carnot
26%
(42) Saint-Etienne-Le Clapier
26%
(43) Bas-Monistrol
22%
(63) Vic-le-Comte
22%
(63) Clermont- La Pardieu
17%
(43) Retournac
17%
(43) Saint-Georges-d'Aurac
17%
Haute-Loire (43) Arvant
13%
(42) Chambon-Feugerolles
13%
(43) Darsac
13%
Loire (42) Fraisses - Unieux
13%
(63) Les Martres-de-Veyre
13%
Puy-de-Dôme (63) Brassac-les-Mines - Sainte-Florine
9%
(63) Le Breuil-sur-Couze
9%
(63) Le Cendre - Orcet
9%
(43) Paulhaguet
9%
(63) Sarliève - Cournon
9%
(43) Vorey
9%
(43) Chamalières-sur-Loire
4%
(43) Lachaud - Curmilhac
4%
(43) Lavoûte-sur-Loire
4%
(63) Parent - Coude - Champeix
4%
(43) Pont-de-Lignon
4%
(43) Saint-Vincent-le-Château
4%
Aucun quiz correspondant
Distribution des résultats
% des personnes avec chaque résultat
Percentile par nombre de réponses
Votre historique - résultats
Vous n’avez pas pris ce quiz